Which Letter Was Added? - US States - Statistics

General Stats
  • This quiz has been taken 71 times
    52 since last reset
  • The average score is 8 of 25
Answer Stats
Hint Answer % Correct
Connnecticut N
94%
Rhode Islands S
94%
Hawaaii A
77%
Marylaand A
61%
Tennesseee E
61%
Pennsiylvania I
52%
Oaklahoma A
45%
New Mexicco C
45%
Flourida U
45%
Georigia I
42%
Minnesotda D
29%
Vermonnt N
26%
Mountana U
26%
Oregoan A
19%
Weest Virginia E
19%
Califfornia F
19%
Utaah A
10%
Ohhio H
10%
South Carolinia I
10%
New Hampshirre R
10%
Misssissippi S
10%
Masstachusetts T
10%
Nebrascka C
6%
Mitchigan T
6%
Iowwa W
6%
No matching quizzes found
Score Distribution
Percent of People with Each Score
Percentile by Number Answered
Your Score History
You have not taken this quiz since the last reset